000 00328nam a2200109 4500
008 180220b xxu||||| |||| 00| 0 eng d
245 _aBacolod eyes brighter prospects with Asean integration.
260 _aPhilippines
_bThe Philippine Star
_cc2017
300 _apage 17.
650 0 _926683
_aEconomic conditions.
942 _2ddc
_cPER
999 _c8766
_d8766